Представление документа в формате RUSMARC

ПолеНазваниеЗначение
  Тип записи a
  Библиографический уровень a
001 Контрольный номер RU/CBS_UL/BASE/3bcc7e4bf11c4aa5b54c39250c933976
005 Дата корректировки 20240927122643.7
100 Данные общей обработки __
a Данные общей обработки 20240927 ||| 0rusy0189 ca
101 Язык документа 0_
a Язык текста rus
102 Страна публикации __
a Страна публикации RU
200 Заглавие и сведения об ответственности 1_
a Заглавие Сад зацветёт по-новому
e Сведения, относящиеся к заглавию [особенности прививки сирени]
f Первые сведения об ответственности В. Старостин
300 Общие примечания __
a Общие примечания 12+
461 Уровень набора _0
1 2000
a Дачный клуб
463 Уровень физической единицы _0
1 2000
a № 9
v С. 44-47 : фото
1 2101
d 2024
1 001RU/CBS_UL/BASE/7a21d0fc82c94190ba5a0a7ac2341546
606 Тематические рубрики 0_
a Основная рубрика Сирень - Выращивание
610 Ключевые слова 0_
a Ключевые слова сирень
610 Ключевые слова 0_
a Ключевые слова выращивание сирени
610 Ключевые слова 0_
a Ключевые слова прививка сирени
610 Ключевые слова 0_
a Ключевые слова размножение сирени
686 Индексы других классификаций __
2 Код системы rubbk
a Классификационный индекс 41.452
700 Автор _1
a Фамилия Старостин
b Имя (инициалы) В.
801 Источник записи _0
a Страна RU
b Организация МБУК ЦБС г. Ульяновска
c Дата составления 20240927
g Правила каталогизации RCR
801 Источник записи _1
a Страна RU
b Организация МБУК ЦБС г. Ульяновска
c Дата составления 20240927
g Правила каталогизации RCR
901 Тип документа __
t Тип документа b
w Контрольный № источника RU/CBS_UL/BASE/7a21d0fc82c94190ba5a0a7ac2341546
909 Создатель записи __
a Создатель записи lib2